Persona creation methods as a step toward user-oriented archival curriculum: a case study of a Polish archival course
| Titel: | Persona creation methods as a step toward user-oriented archival curriculum: a case study of a Polish archival course |
|---|---|
| Verfasser: | |
| Beteiligt: | |
| In: |
Archival science, Band 25, Heft 3 (2025), Artikel-ID: 34 alle Artikel anzeigen |
| Veröffentlicht: | 2025 |
| Umfang: | Illustrationen |
| Format: | Aufsatz |
| Sprache: | Englisch |
X
alg: 53474770 001A $03036:03-11-25 001B $01999:03-11-25 $t22:09:45.000 001D $03036:03-11-25 001U $0utf8 001X $00 002@ $0Aou 002C $aText $btxt $2rdacontent 002D $aohne Hilfsmittel zu benutzen $bn $2rdamedia 002E $aBand $bnc $2rdacarrier 003@ $0534747701 007A $0534747701 $aHEB 010@ $aeng 010E $erda 011@ $a2025 021A $aPersona creation methods as a step toward user-oriented archival curriculum: a case study of a Polish archival course 028A $aCołbecka $dMonika 028C $aPieczka-Wȩgorkiewicz $dAnna 031A $d25 $e3 $g28/ $i34 $j2025 034M $aIllustrationen 039B $aEnthalten in $8--Abvc--. Archival science. - Dordrecht : Springer, 2001-. - ISSN 1389-0166 $x202500000250003999 $9083703608 045T $a24,1 $a8 lok: 53474770 78 exp: 53474770 78 1 #EPN 201B/01 $004-02-26 $t16:45:19.000 201C/01 $004-02-26 201U/01 $0utf8 203@/01 $01333516819 208@/01 $a04-02-26 $be 209A/01 $a/ $f000 $x00 209A/01 $ab*p $x01 220C/01 $apgar 244Z/01 $#Generalgouvernement Polen $#Polska $#Rzeczpospolita Polska $#Polska Rzeczpospolita Ludowa $#Poland $#Pologne $#République Polonaise $#Generalne Gubernatorstwo w Polsce $#Polish People's Republic $#Polska Rzeczpospolita Polen $#PRL $#RP $#Polen Generalgouvernement $#Polska Generalgouvernement $#Besetzte Polnische Gebiete $#Besetztes Gebiet in Polen $#Okupowane Polskie Obszary $#Obszary Okupowane w Polsce $#Volksrepublik Polen $#Polska Rosyjska $#Republic Polen $#Respublika Pol'ša $#Pol'skaja Narodnaja Respublika $#République de Pologne $#Polen Links der Weichsel $#Polska po Lewej Stronie Wisły $#Lenkija $#Polija $#Gubernija Carstva Pol'skago $#Republik Polen $74046496-9 $8--Tg1--Polen $x01 $9085129801 247C/01 $82080>Marburg/Lahn, Herder-Institut, Forschungsbibliothek, Bibliographieportal $9336309341 lok: 53474770 105 exp: 53474770 105 1 #EPN 201B/01 $003-11-25 $t16:47:05.000 201C/01 $003-11-25 201U/01 $0utf8 203@/01 $01321371756 208@/01 $a03-11-25 $be 209A/01 $a/ $f106 $x00 245Z/01 $a2.13. $bArchivwissenschaft und Archivtheorie / Ausbildung, Fortbildung und Berufsbild $x02 245Z/01 $a4.10.01. $bArchivwesen Europas / Polen / Allgemeines $x04 247C/01 $8->Marburg, Bibliographie zum Archivwesen der Archivschule Marburg $939588196X
| LEADER | 00000caa a2200000 c 4500 | ||
|---|---|---|---|
| 001 | 534747701 | ||
| 003 | DE-603 | ||
| 005 | 20251103220945.0 | ||
| 007 | tu | ||
| 008 | 251103s2025 xx |||| | u00||u|eng c | ||
| 035 | |a (DE-599)HEB534747701 | ||
| 040 | |a DE-603 |b ger |c DE-603 |d DE-603 |e rda | ||
| 041 | |a eng | ||
| 084 | |a 24,1 |a 8 |2 ssgn | ||
| 100 | 1 | |a Cołbecka, Monika | |
| 245 | 0 | 0 | |a Persona creation methods as a step toward user-oriented archival curriculum: a case study of a Polish archival course |
| 264 | 0 | |c 2025 | |
| 300 | |b Illustrationen | ||
| 336 | |a Text |b txt |2 rdacontent | ||
| 337 | |a ohne Hilfsmittel zu benutzen |b n |2 rdamedia | ||
| 338 | |a Band |b nc |2 rdacarrier | ||
| 700 | 1 | |a Pieczka-Wȩgorkiewicz, Anna | |
| 773 | 0 | 8 | |i Enthalten in |t Archival science |d Dordrecht : Springer, 2001- |x 1389-0166 |g Band 25, Heft 3 (2025), Artikel-ID: 34 |w (DE-603)083703608 |w (DE-600)1492892-9 |
| 924 | 0 | |9 2080 |a (DE-603)1333516819 |b DE-2080 |c HES |d d |g / | |
| 924 | 0 | |9 - |a (DE-603)1321371756 |b DE- |c HES |d d |g / | |